LIBRARY & INFORMATION CENTRE, KCAET, TAVANUR

ONLINE PUBLIC ACCESS CATALOGUE (OPAC)

Soil Transmitted Helminths : | Report of WHO Expert Committee on Helminthiases (Record no. 17821)

MARC details
000 -LEADER
fixed length control field 00366nam a22001337a 4500
003 - CONTROL NUMBER IDENTIFIER
control field OSt
008 - FIXED-LENGTH DATA ELEMENTS--GENERAL INFORMATION
fixed length control field 231114b |||||||| |||| 00| 0 eng d
041 ## - LANGUAGE CODE
Language code of text/sound track or separate title eng
245 ## - TITLE STATEMENT
Title Soil Transmitted Helminths :
Remainder of title Report of WHO Expert Committee on Helminthiases
260 ## - PUBLICATION, DISTRIBUTION, ETC. (IMPRINT)
Place of publication Geneva:
Name of publisher WHO,
Year of publication 1964.
300 ## - PHYSICAL DESCRIPTION
Number of Pages 7Op.
490 ## - SERIES STATEMENT
Series statement WHO Technical Report Series; 277.
942 ## - ADDED ENTRY ELEMENTS (KOHA)
Koha item type Books
Holdings
Withdrawn status Lost status Damaged status Home library Current library Shelving location Date acquired Accession Number Koha item type
Withdrawn     KAUAET KAUAET General Stacks 14/11/2023 7647 Books
free website counter